000 00465nam a22001577a 4500
020 _a9781138724792
040 _cNUST
082 _a621.319
_bGOM
100 _aGomez-Exposito ,Antonio
_969609
110 _aConejo ,Antonio , Canizares ,Claudio. A
_9123471
245 _aElectric Energy Systems :
_bAnalysis and Operation
250 _aSecond Edition
260 _aLondon:
_bCRC Press,
_c2018.
650 _aElectric Energy Systems :
_9123472
942 _2ddc
_cBK
999 _c609653
_d609653